[Event "Niederbayern-ch"]
[Site "Roehrnbach"]
[Date "2014.04.24"]
[Round "2"]
[White "Angerer, Dieter"]
[Black "Lenhard, Alexander"]
[Result "1-0"]
[WhiteElo "1531"]
[BlackElo "1430"]
[PlyCount "93"]
[EventDate "2014.04.24"]
[EventType "swiss"]
[EventRounds "7"]
[EventCountry "GER"]
[SourceTitle "EXT 2023"]
[Source "ChessBase"]
[SourceDate "2022.10.05"]
[SourceVersion "1"]
[SourceVersionDate "2022.10.05"]
[SourceQuality "1"]

1. e4 e5 2. Nf3 f5 3. Nc3 d6 4. Bc4 Nf6 5. d3 f4 6. Ng5 Bg4 7. f3 Bh5 8. Bd2 Nfd7 9. Nh3 Qh4+ 10. Nf2 Nc6 11. Nd5 0-0-0 12. c3 Bf7 13. Qe2 Bxd5 14. Bxd5 Ne7 15. Be6 Qf6 16. Bb3 Nc6 17. 0-0-0 Nc5 18. Bc2 Qf7 19. Kb1 Be7 20. Bc1 Bh4 21. d4 Bxf2 22. Qxf2 Na6 23. d5 Ne7 24. Qxa7 c6 25. dxc6 Nxc6 26. Qb6 Nc5 27. Rd5 Qg6 28. Rg1 Ne7 29. Rd2 Rd7 30. b4 Na6 31. Ba4 Rc7 32. Rxd6 Nd5 33. Rxg6 Nxc3+ 34. Ka1 hxg6 35. b5 Nb4 36. Qe6+ Kb8 37. b6 Rc5 38. Qd6+ Ka8 39. Qxc5 Ne2 40. Qxb4 Kb8 41. Re1 Nd4 42. Qd6+ Ka8 43. Qxe5 Rd8 44. Bb2 Nc6 45. Bxc6 bxc6 46. Qc7 Rd7 47. Qc8# 1-0